[Event "Fall Class op"]
[Site "Calgary CAN"]
[Date "2001.09.18"]
[Round "3"]
[White "Eshleman, Brandon"]
[Black "Pivovarov, Juraj"]
[Result "0-1"]
[WhiteElo "1785"]
[BlackElo "1755"]
[PlyCount "50"]
[GameId "2160767911485325"]
[EventDate "2001.09.04"]
[EventType "tourn"]
[EventRounds "5"]
[EventCountry "CAN"]

1. e4 e6 2. d4 d5 3. e5 c5 4. c3 Nc6 5. Nf3 Nge7 6. Bd3 cxd4 7. cxd4 Bd7 8. Nc3 a6 9. Qb3 Na5 10. Qc2 h6 11. g4 Nec6 12. a3 Rc8 13. g5 hxg5 14. Nxg5 Nxd4 15. Qb1 Be7 16. Nh7 Nf3+ 17. Kd1 Nxe5 18. Bc2 f5 19. f4 Ng4 20. Rg1 Nf2+ 21. Ke1 Rxh7 22. Kxf2 Bc5+ 23. Kf1 Bxg1 24. Kxg1 Qh4 25. Be3 Qg4+ 0-1

[Event "Fall Class op"]
[Site "Calgary CAN"]
[Date "2001.10.02"]
[Round "5"]
[White "Pivovarov, Juraj"]
[Black "Kuwair, Martin"]
[Result "1/2-1/2"]
[WhiteElo "1749"]
[BlackElo "1866"]
[PlyCount "125"]
[GameId "2160767911485326"]
[EventDate "2001.09.04"]
[EventType "tourn"]
[EventRounds "5"]
[EventCountry "CAN"]

1. c4 e5 2. g3 Nf6 3. Bg2 Bc5 4. Nc3 c6 5. Nf3 e4 6. Ng5 d5 7. e3 Bf5 8. cxd5 cxd5 9. Qb3 Qd7 10. d4 Bb6 11. h4 Nc6 12. Nh3 O-O 13. Bd2 Bg4 14. Nf4 Na5 15. Qa4 Qd8 16. Bf1 Rc8 17. Be2 Bxe2 18. Nfxe2 Nc4 19. Qb3 Ba5 20. Rc1 Rc6 21. Qc2 b5 22. b3 Nxd2 23. Qxd2 Qd6 24. O-O Rfc8 25. Qb2 a6 26. a4 b4 27. Nb1 Bd8 28. Rxc6 Rxc6 29. Rc1 a5 30. Nf4 h6 31. Rc2 Qc7 32. Rxc6 Qxc6 33. Ne2 g5 34. hxg5 hxg5 35. Kg2 Nh5 36. Qd2 Bc7 37. Qc1 Qxc1 38. Nxc1 f5 39. Ne2 f4 40. Nd2 f3+ 41. Nxf3 exf3+ 42. Kxf3 Nf6 43. g4 Ne4 44. Nc1 Nc3 45. Ne2 Bd6 46. Nxc3 bxc3 47. Ke2 Bb4 48. Kd3 Kf7 49. Kc2 Ke6 50. Kd3 Kd6 51. Kc2 Ke6 52. Kd3 c2 53. Kxc2 Be1 54. Kd3 Bxf2 55. Ke2 Bg3 56. Kd3 Kf6 57. Ke2 Bd6 58. Kd3 Ke6 59. Ke2 Kd7 60. Kd3 Kc6 61. Ke2 Kd7 62. Kd3 Ke6 63. Ke2 1/2-1/2

[Event "Fete du travail"]
[Site "Charlesbourg CAN"]
[Date "2001.08.31"]
[Round "1"]
[White "Auger, Bertrand"]
[Black "Nadeau, Sebastien"]
[Result "1-0"]
[WhiteElo "2090"]
[BlackElo "1682"]
[PlyCount "83"]
[GameId "2160767911546896"]
[EventDate "2001.08.31"]
[EventType "swiss"]
[EventRounds "5"]
[EventCountry "CAN"]

1. g3 Nf6 2. Nf3 g6 3. b4 Bg7 4. Bb2 c6 5. Bg2 O-O 6. O-O a5 7. a3 axb4 8. axb4 Rxa1 9. Bxa1 Qb6 10. c3 d5 11. d3 Re8 12. Nbd2 e5 13. e4 Bg4 14. Qc2 Na6 15. Re1 dxe4 16. dxe4 Qc7 17. Rb1 b5 18. c4 Nd7 19. c5 Ra8 20. Bc3 Qa7 21. Qb2 f6 22. Qb3+ Kf8 23. h3 Bxf3 24. Bxf3 Nc7 25. Bg4 Nb8 26. Ra1 Qb7 27. Rd1 h5 28. Be2 Qc8 29. Bf1 Qe6 30. Qc2 Nba6 31. Nb3 Ne8 32. Na5 Ra7 33. Qd2 Nb8 34. Qd8 Rd7 35. Rxd7 Nxd7 36. Qa8 Qa2 37. Qxc6 Qc2 38. Qxd7 Qxc3 39. Qxb5 f5 40. Qb8 f4 41. gxf4 Qc1 42. Nc4 1-0

[Event "Fete du travail"]
[Site "Charlesbourg CAN"]
[Date "2001.09.01"]
[Round "2"]
[White "Bonneau, Daniel"]
[Black "Auger, Bertrand"]
[Result "1/2-1/2"]
[WhiteElo "1801"]
[BlackElo "2090"]
[PlyCount "35"]
[GameId "2160767911546897"]
[EventDate "2001.08.31"]
[EventType "swiss"]
[EventRounds "5"]
[EventCountry "CAN"]

1. d4 e6 2. Nf3 Nf6 3. c4 d5 4. Nc3 c6 5. Bg5 Nbd7 6. e3 Qa5 7. Qc2 Bb4 8. Nd2 O-O 9. Be2 Ne4 10. Ndxe4 dxe4 11. Bf4 e5 12. dxe5 Nxe5 13. O-O Bxc3 14. Qxc3 Qxc3 15. bxc3 Nd3 16. Bxd3 exd3 17. Rfd1 Rd8 18. c5 1/2-1/2

[Event "Fete du travail"]
[Site "Charlesbourg CAN"]
[Date "2001.09.01"]
[Round "3"]
[White "Auger, Bertrand"]
[Black "Fecteau, Martin"]
[Result "1-0"]
[WhiteElo "2090"]
[BlackElo "1866"]
[PlyCount "79"]
[GameId "2160767911546898"]
[EventDate "2001.08.31"]
[EventType "swiss"]
[EventRounds "5"]
[EventCountry "CAN"]

1. Nf3 Nf6 2. g3 d5 3. b3 c5 4. Bg2 Nc6 5. Bb2 d4 6. O-O e5 7. d3 Be7 8. Nbd2 O-O 9. Nc4 Qc7 10. a4 Be6 11. Nfd2 Nd7 12. e4 f5 13. exf5 Bxf5 14. Qe2 Rae8 15. Rae1 Kh8 16. Ne4 a6 17. Bc1 b5 18. axb5 axb5 19. Na3 Qb6 20. h3 h6 21. Kh2 Nf6 22. Nxf6 Bxf6 23. g4 Bg6 24. Be4 Bxe4 25. Qxe4 g5 26. Qg6 Bg7 27. Qh5 Kg8 28. f4 Qb8 29. fxg5 e4+ 30. Kg2 Rf3 31. Qxe8+ Qxe8 32. Rxe4 Rg3+ 33. Kxg3 Be5+ 34. Kg2 hxg5 35. Rf5 Qb8 36. Rxg5+ Kf7 37. Rf5+ Kg6 38. Bf4 Bxf4 39. Rfxf4 Qb7 40. Rf5 1-0

[Event "Guelph Summer Pro-Am U2000"]
[Site "Guelph CAN"]
[Date "2001.08.12"]
[Round "4"]
[White "Gillanders, Robert"]
[Black "Knechtel, Tim"]
[Result "0-1"]
[WhiteElo "1809"]
[BlackElo "1942"]
[PlyCount "84"]
[GameId "2160767911547058"]
[EventDate "2001.08.10"]
[EventType "swiss"]
[EventRounds "5"]
[EventCountry "CAN"]
[SourceTitle "CFC 2001.10"]
[Source "CFC"]
[SourceDate "2001.10.??"]
[SourceVersionDate "2001.10.??"]
[SourceQuality "1"]

1. d4 d6 2. c4 g6 3. Nc3 Bg7 4. e4 Nc6 5. Be3 e5 6. d5 Nce7 7. Nge2 f5 8. f3 f4 9. Bf2 b6 10. Nc1 Nf6 11. a3 g5 12. Rb1 h5 13. b4 Ng6 14. c5 g4 15. Bb5+ Kf7 16. Bc6 Rb8 17. cxd6 cxd6 18. Nd3 h4 19. Kd2 Bh6 20. a4 g3 21. Be1 h3 22. Qe2 hxg2 23. Qxg2 Nh4 24. Qe2 Nxf3+ 25. Qxf3 Bg4 26. Qxg4 Nxg4 27. hxg3 f3+ 28. Kc2 Be3 29. Bd2 Bxd2 30. Kxd2 Qg5+ 31. Kc2 Rh2+ 32. Kb3 Rbh8 33. Rhf1 Qe3 34. Rbd1 f2 35. Nb2 Qxg3 36. Nc4 Ke7 37. Bb5 R8h3 38. Rc1 Qf4 39. Kb2 Ne3 40. Nxe3 Qxe3 41. Be2 Qd4 42. b5 Qb4+ 0-1

[Event "Harvest"]
[Site "Kelowna CAN"]
[Date "2001.10.20"]
[Round "?.1"]
[White "Demers, Matthew"]
[Black "Higgs, Ian"]
[Result "1-0"]
[WhiteElo "1619"]
[BlackElo "1815"]
[PlyCount "69"]
[GameId "2160767911485006"]
[EventDate "2001.10.20"]
[EventType "swiss"]
[EventRounds "5"]
[EventCountry "CAN"]

1. d4 e6 2. c4 d5 3. cxd5 exd5 4. a3 Nf6 5. Nc3 c6 6. Nf3 Bg4 7. Ne5 Bh5 8. Bg5 Be7 9. Qd2 Nbd7 10. Nd3 Bg6 11. e3 Ne4 12. Bxe7 Nxd2 13. Bxd8 Nb3 14. Rd1 Rxd8 15. Be2 O-O 16. f4 Rfe8 17. Kf2 Nf6 18. h3 Re7 19. g4 Be4 20. Rhg1 Rde8 21. Rg3 a5 22. g5 Nd7 23. Nxe4 dxe4 24. Ne5 a4 25. h4 Kh8 26. h5 Nxe5 27. dxe5 Nc5 28. Rd4 Rd7 29. Rg1 Red8 30. Rgd1 b5 31. f5 h6 32. Rxd7 Rxd7 33. Rxd7 Nxd7 34. e6 fxe6 35. fxe6 1-0

[Event "Harvest"]
[Site "Kelowna CAN"]
[Date "2001.10.20"]
[Round "1"]
[White "Hanna, Josh"]
[Black "Veszely, Frank"]
[Result "0-1"]
[WhiteElo "1622"]
[BlackElo "1925"]
[PlyCount "90"]
[GameId "2160767911485007"]
[EventDate "2001.10.20"]
[EventType "swiss"]
[EventRounds "5"]
[EventCountry "CAN"]
[SourceTitle "EXT 2022"]
[Source "ChessBase"]
[SourceDate "2021.10.06"]
[SourceVersion "1"]
[SourceVersionDate "2021.10.06"]
[SourceQuality "1"]

1. d4 Nf6 2. c4 e5 3. dxe5 Ne4 4. Nf3 Bc5 5. e3 Bb4+ 6. Nbd2 Nc6 7. a3 Bxd2+ 8. Bxd2 Qe7 9. Bd3 Nxd2 10. Qxd2 Nxe5 11. Nxe5 Qxe5 12. O-O d6 13. b4 Bd7 14. Rac1 O-O 15. f4 Qe7 16. f5 Rfe8 17. Rce1 f6 18. e4 Qe5 19. Rf3 Re7 20. Ref1 Rae8 21. Qf2 a6 22. Rh3 Bc6 23. Rh4 Qc3 24. Rh3 Qxa3 25. c5 Qxb4 26. cxd6 cxd6 27. Kh1 Rf8 28. Qh4 h6 29. Qg3 Kh8 30. Rf4 Qd2 31. Rf1 Bxe4 32. Rf2 Qxd3 33. Qxd3 Bxd3 34. g4 Be4+ 35. Kg1 Bc6 36. Rd2 Rfe8 37. Kf2 Kg8 38. Rhd3 Bb5 39. Rxd6 Re2+ 40. Rxe2 Rxe2+ 41. Kg3 Bc6 42. h3 Kf7 43. Rd8 Re3+ 44. Kh4 a5 45. Ra8 Bg2 0-1

[Event "Harvest"]
[Site "Kelowna CAN"]
[Date "2001.10.20"]
[Round "1"]
[White "Labik, Peter"]
[Black "Demers, Darwin"]
[Result "1-0"]
[WhiteElo "1791"]
[BlackElo "1596"]
[PlyCount "119"]
[GameId "2160767911485008"]
[EventDate "2001.10.20"]
[EventType "swiss"]
[EventRounds "5"]
[EventCountry "CAN"]
[SourceTitle "EXT 2022"]
[Source "ChessBase"]
[SourceDate "2021.10.06"]
[SourceVersion "1"]
[SourceVersionDate "2021.10.06"]
[SourceQuality "1"]

1. e4 e5 2. Nf3 Nc6 3. Bc4 Nf6 4. Nc3 Be7 5. O-O O-O 6. d4 d6 7. h3 exd4 8. Nxd4 Nxd4 9. Qxd4 c5 10. Qd3 Be6 11. Bf4 Bxc4 12. Qxc4 a6 13. a4 Rc8 14. Rad1 Rc6 15. Nd5 Nxd5 16. Rxd5 Qc7 17. Rfd1 Rd8 18. R1d3 Rb6 19. Rf5 Rf8 20. Qc3 f6 21. b3 Rc6 22. Rg3 Kh8 23. Rh5 c4 24. Qf3 g5 25. Qg4 Bd8 26. Be3 cxb3 27. cxb3 Qf7 28. h4 Rg8 29. hxg5 fxg5 30. Bxg5 Bxg5 31. Rxg5 Rxg5 32. Qxg5 Rc8 33. Qd2 Qe7 34. Qd4+ Qe5 35. Qxe5+ dxe5 36. Kf1 h6 37. Ke2 Kh7 38. Kd3 h5 39. Rg5 Rd8+ 40. Ke3 Re8 41. Rxh5+ Kg6 42. Rf5 b5 43. axb5 axb5 44. b4 Re6 45. f4 exf4+ 46. Kxf4 Rb6 47. g4 Rb8 48. g5 Kg7 49. Rf6 Rc8 50. Rb6 Rf8+ 51. Kg4 Re8 52. Kf5 Rf8+ 53. Ke5 Re8+ 54. Kd5 Rd8+ 55. Rd6 Rb8 56. Rc6 Re8 57. Re6 Rb8 58. g6 Rc8 59. e5 Rc4 60. Re7+ 1-0

[Event "Harvest"]
[Site "Kelowna CAN"]
[Date "2001.10.20"]
[Round "1"]
[White "Monteith, Donald"]
[Black "Barabana, Parish"]
[Result "1-0"]
[WhiteElo "1764"]
[BlackElo "1516"]
[PlyCount "76"]
[GameId "2160767911485009"]
[EventDate "2001.10.20"]
[EventType "swiss"]
[EventRounds "5"]
[EventCountry "CAN"]
[SourceTitle "EXT 2022"]
[Source "ChessBase"]
[SourceDate "2021.10.06"]
[SourceVersion "1"]
[SourceVersionDate "2021.10.06"]
[SourceQuality "1"]

1. d4 Nf6 2. c4 c5 3. d5 b5 4. cxb5 a6 5. b6 d6 6. Nc3 Bf5 7. f3 h6 8. e4 Bc8 9. Qb3 Bb7 10. a4 g6 11. a5 Bg7 12. Bc4 O-O 13. Nge2 Nbd7 14. f4 Nh7 15. Be3 f5 16. exf5 gxf5 17. O-O-O Nhf6 18. h3 Qe8 19. Rdg1 h5 20. Qc2 Nh7 21. g4 hxg4 22. hxg4 fxg4 23. Rxg4 Ndf6 24. Rgh4 Rf7 25. Rg1 e6 26. dxe6 Re7 27. f5 d5 28. Bxc5 dxc4 29. Bxe7 Qxe7 30. Rxc4 Rc8 31. Rxc8+ Bxc8 32. Nd5 Qb7 33. Ne7+ Qxe7 34. Qxc8+ Ne8 35. b7 Kf8 36. Rxg7 Kxg7 37. b8=Q Qg5+ 38. Qf4 Qf6 1-0

[Event "Harvest"]
[Site "Kelowna CAN"]
[Date "2001.10.20"]
[Round "1"]
[White "Moore, David"]
[Black "Cody, Philip C"]
[Result "1-0"]
[WhiteElo "1909"]
[BlackElo "1613"]
[PlyCount "75"]
[GameId "2160767911485010"]
[EventDate "2001.10.20"]
[EventType "swiss"]
[EventRounds "5"]
[EventCountry "CAN"]
[SourceTitle "EXT 2022"]
[Source "ChessBase"]
[SourceDate "2021.10.06"]
[SourceVersion "1"]
[SourceVersionDate "2021.10.06"]
[SourceQuality "1"]

1. e4 c5 2. Nf3 d6 3. d4 cxd4 4. Nxd4 Nf6 5. Nc3 a6 6. Bg5 e6 7. Qd2 Be7 8. O-O-O h6 9. Bxf6 Bxf6 10. Kb1 Nc6 11. Nxc6 bxc6 12. Qxd6 Bb7 13. Qxd8+ Rxd8 14. Rxd8+ Bxd8 15. Bc4 Bb6 16. f3 O-O 17. Na4 Ba7 18. Rd1 Rb8 19. Rd7 Kf8 20. Bxa6 Bxa6 21. Rxa7 Bf1 22. g3 Bg2 23. Nc5 Rd8 24. Rd7 Rxd7 25. Nxd7+ Ke7 26. Ne5 c5 27. Nd3 Kd6 28. Ne1 Bh1 29. Kc1 Ke5 30. Kd2 Kd4 31. c3+ Kc4 32. Ke3 f5 33. exf5 exf5 34. Kf2 g5 35. Kg1 Bxf3 36. Nxf3 Kd3 37. Kf2 Kc2 38. a4 1-0

[Event "Harvest"]
[Site "Kelowna CAN"]
[Date "2001.10.20"]
[Round "1"]
[White "Phonchiangkwong, Sumon Chai"]
[Black "Kindret, Mike"]
[Result "1-0"]
[WhiteElo "1462"]
[BlackElo "1741"]
[PlyCount "81"]
[GameId "2160767911485011"]
[EventDate "2001.10.20"]
[EventType "swiss"]
[EventRounds "5"]
[EventCountry "CAN"]
[SourceTitle "EXT 2022"]
[Source "ChessBase"]
[SourceDate "2021.10.06"]
[SourceVersion "1"]
[SourceVersionDate "2021.10.06"]
[SourceQuality "1"]

1. e4 c5 2. Be2 d6 3. f4 Nc6 4. Nc3 a6 5. Nf3 e6 6. d3 b5 7. O-O Be7 8. Qd2 Bb7 9. b3 d5 10. e5 d4 11. Ne4 Nh6 12. a3 Nf5 13. Bb2 O-O 14. c3 Na5 15. Bd1 Ne3 16. Re1 Nxd1 17. Qxd1 Bd5 18. c4 bxc4 19. bxc4 Bxe4 20. Rxe4 Rb8 21. Bc1 Qb6 22. Nd2 Rb7 23. Rb1 Qc6 24. Rxb7 Qxb7 25. Re1 Rb8 26. Ne4 Nb3 27. Qg4 Kf8 28. f5 exf5 29. Qxf5 Kg8 30. Bf4 Qc8 31. e6 fxe6 32. Qh5 Rb6 33. Be5 g6 34. Qh6 Bf8 35. Nf6+ Kf7 36. Qxh7+ Bg7 37. Rf1 Nd2 38. Nd5+ Nxf1 39. Qxg7+ Ke8 40. Qg8+ Kd7 41. Nxb6+ 1-0

[Event "Harvest"]
[Site "Kelowna CAN"]
[Date "2001.10.20"]
[Round "1"]
[White "Planas, Rodolfo"]
[Black "Bishop, Greg"]
[Result "0-1"]
[WhiteElo "1545"]
[BlackElo "1772"]
[PlyCount "40"]
[GameId "2160767911485012"]
[EventDate "2001.10.20"]
[EventType "swiss"]
[EventRounds "5"]
[EventCountry "CAN"]
[SourceTitle "EXT 2022"]
[Source "ChessBase"]
[SourceDate "2021.10.06"]
[SourceVersion "1"]
[SourceVersionDate "2021.10.06"]
[SourceQuality "1"]

1. d4 Nf6 2. Bf4 Nc6 3. e3 Nd5 4. Bg5 g6 5. Bh4 g5 6. Bg3 e6 7. Bc4 Nf6 8. c3 b6 9. f3 Bb7 10. Bb3 Na5 11. Bc2 Nc4 12. Qc1 Nd5 13. Bf2 f5 14. Ne2 Qf6 15. e4 fxe4 16. Bxe4 O-O-O 17. Bd3 Nd6 18. Nd2 a6 19. Ne4 Nxe4 20. Bxe4 Bh6 0-1

[Event "Harvest"]
[Site "Kelowna CAN"]
[Date "2001.10.20"]
[Round "1"]
[White "Poitras, Luc"]
[Black "Steinke, Wally"]
[Result "1-0"]
[WhiteElo "2216"]
[BlackElo "1669"]
[PlyCount "41"]
[GameId "2160767911485013"]
[EventDate "2001.10.20"]
[EventType "swiss"]
[EventRounds "5"]
[EventCountry "CAN"]
[SourceTitle "EXT 2022"]
[Source "ChessBase"]
[SourceDate "2021.10.06"]
[SourceVersion "1"]
[SourceVersionDate "2021.10.06"]
[SourceQuality "1"]

1. e4 c5 2. Nf3 Nc6 3. d4 cxd4 4. Nxd4 g6 5. c4 Bg7 6. Be3 Nf6 7. Nc3 O-O 8. Be2 Qb6 9. Nb3 Qd8 10. O-O d6 11. h3 Bd7 12. Qd2 Rc8 13. Rad1 Ne5 14. c5 dxc5 15. f4 Nd3 16. e5 Nh5 17. Bxh5 Bxh3 18. Be2 Nxf4 19. Bxf4 Qb6 20. gxh3 Rfd8 21. Nd5 1-0

[Event "Harvest"]
[Site "Kelowna CAN"]
[Date "2001.10.20"]
[Round "1"]
[White "Whitman, Alan"]
[Black "Rasmussen, Marshall"]
[Result "1-0"]
[WhiteElo "1714"]
[BlackElo "769"]
[PlyCount "65"]
[GameId "2160767911485014"]
[EventDate "2001.10.20"]
[EventType "swiss"]
[EventRounds "5"]
[EventCountry "CAN"]
[SourceTitle "EXT 2022"]
[Source "ChessBase"]
[SourceDate "2021.10.06"]
[SourceVersion "1"]
[SourceVersionDate "2021.10.06"]
[SourceQuality "1"]

1. e4 e5 2. Nf3 Nc6 3. Bb5 Nf6 4. O-O Bc5 5. d3 O-O 6. Bxc6 bxc6 7. Nxe5 Bb7 8. Be3 Bxe3 9. fxe3 d5 10. exd5 Qxd5 11. d4 c5 12. Qf3 Ne4 13. c4 Qe6 14. Qf4 Nf6 15. d5 Qe7 16. Nd2 Rfe8 17. Ndf3 Rad8 18. Rae1 Ba8 19. e4 Bb7 20. Nd3 Ba8 21. e5 Nh5 22. Qe3 c6 23. dxc6 Bxc6 24. Qxc5 Qe6 25. Nb4 Rc8 26. Qxa7 Qxc4 27. Nxc6 Qxc6 28. Ng5 Rf8 29. Rxf7 Rxf7 30. Qxf7+ Kh8 31. Qxh5 Qc5+ 32. Kh1 Qc6 33. Qxh7# 1-0

[Event "Harvest"]
[Site "Kelowna CAN"]
[Date "2001.10.20"]
[Round "2"]
[White "Barabana, Parish"]
[Black "Hanna, Josh"]
[Result "0-1"]
[WhiteElo "1516"]
[BlackElo "1622"]
[PlyCount "38"]
[GameId "2160767911485015"]
[EventDate "2001.10.20"]
[EventType "swiss"]
[EventRounds "5"]
[EventCountry "CAN"]
[SourceTitle "EXT 2022"]
[Source "ChessBase"]
[SourceDate "2021.10.06"]
[SourceVersion "1"]
[SourceVersionDate "2021.10.06"]
[SourceQuality "1"]

1. d4 Nf6 2. c4 e5 3. dxe5 Ng4 4. Nf3 Nc6 5. e4 Bc5 6. Bg5 f6 7. exf6 gxf6 8. Bh4 Qe7 9. Bd3 d6 10. O-O Nce5 11. Nxe5 Qxe5 12. Bg3 Qg5 13. Nc3 a6 14. Nd5 Kd8 15. b4 Bd4 16. Be2 Bxa1 17. Nxc7 Be5 18. Bxe5 Qxe5 19. Nxa8 Qxh2# 0-1

[Event "Harvest"]
[Site "Kelowna CAN"]
[Date "2001.10.20"]
[Round "2"]
[White "Bishop, Greg"]
[Black "Poitras, Luc"]
[Result "0-1"]
[WhiteElo "1772"]
[BlackElo "2216"]
[PlyCount "102"]
[GameId "2160767911485016"]
[EventDate "2001.10.20"]
[EventType "swiss"]
[EventRounds "5"]
[EventCountry "CAN"]
[SourceTitle "EXT 2022"]
[Source "ChessBase"]
[SourceDate "2021.10.06"]
[SourceVersion "1"]
[SourceVersionDate "2021.10.06"]
[SourceQuality "1"]

1. d4 Nf6 2. Bf4 g6 3. Nf3 Bg7 4. c3 d6 5. h3 O-O 6. Nbd2 Nbd7 7. e4 c6 8. Bc4 b5 9. Bb3 Nh5 10. Bg5 h6 11. Be3 e5 12. Qc2 Qe7 13. g4 Nf4 14. Bxf4 exf4 15. O-O-O a5 16. a3 b4 17. cxb4 axb4 18. a4 Ba6 19. Kb1 c5 20. Nc4 cxd4 21. Nxd4 Rfc8 22. Qe2 d5 23. exd5 Qxe2 24. Nxe2 Bxc4 25. Bxc4 Rxc4 26. b3 Re4 27. Nc1 g5 28. Rhe1 Rae8 29. Rxe4 Rxe4 30. f3 Rd4 31. Rxd4 Bxd4 32. Nd3 Bc5 33. a5 Bd6 34. a6 Kf8 35. a7 Nb6 36. Nb2 Ke7 37. Nc4 Na8 38. Kc2 Bc5 39. Ne5 f6 40. Nd3 Kd6 41. Nxc5 Kxc5 42. d6 Kxd6 43. Kd3 Kd5 44. Kc2 Kd4 45. Kd2 Nb6 46. Ke2 Kc3 47. Kd1 Kxb3 48. Kc1 Kc3 49. Kb1 Na8 50. Kc1 b3 51. Kb1 b2 0-1

[Event "Harvest"]
[Site "Kelowna CAN"]
[Date "2001.10.20"]
[Round "2"]
[White "Cody, Philip C"]
[Black "Rasmussen, Marshall"]
[Result "1-0"]
[WhiteElo "1613"]
[BlackElo "769"]
[PlyCount "53"]
[GameId "2160767911485017"]
[EventDate "2001.10.20"]
[EventType "swiss"]
[EventRounds "5"]
[EventCountry "CAN"]
[SourceTitle "EXT 2022"]
[Source "ChessBase"]
[SourceDate "2021.10.06"]
[SourceVersion "1"]
[SourceVersionDate "2021.10.06"]
[SourceQuality "1"]

1. d4 Nf6 2. Bf4 d5 3. Nc3 Bf5 4. Nf3 e6 5. Nb5 Bd6 6. Nxd6+ cxd6 7. e3 O-O 8. Bd3 Nc6 9. Bxf5 exf5 10. O-O Ne4 11. Nd2 Qe7 12. f3 Nxd2 13. Qxd2 h6 14. Qf2 Kh8 15. Qg3 Nd8 16. Bxd6 Qxe3+ 17. Kh1 Re8 18. Rae1 Qxe1 19. Rxe1 Rxe1+ 20. Qxe1 Ne6 21. Qe5 Re8 22. h3 a6 23. Qe1 b5 24. Qc3 Rd8 25. Qc6 Nxd4 26. Qb6 Nxc2 27. Qxd8+ 1-0

[Event "Harvest"]
[Site "Kelowna CAN"]
[Date "2001.10.20"]
[Round "2"]
[White "Kindret, Mike"]
[Black "Demers, Darwin"]
[Result "1-0"]
[WhiteElo "1741"]
[BlackElo "1596"]
[PlyCount "65"]
[GameId "2160767911485018"]
[EventDate "2001.10.20"]
[EventType "swiss"]
[EventRounds "5"]
[EventCountry "CAN"]
[SourceTitle "EXT 2022"]
[Source "ChessBase"]
[SourceDate "2021.10.06"]
[SourceVersion "1"]
[SourceVersionDate "2021.10.06"]
[SourceQuality "1"]

1. e4 e5 2. Nf3 Nc6 3. Bb5 Nf6 4. O-O Nxe4 5. Re1 Nd6 6. Nxe5 Nxe5 7. Rxe5+ Be7 8. Ba4 O-O 9. d4 Nc4 10. Re1 d5 11. Nd2 Nb6 12. Bb3 c6 13. c3 Be6 14. Nf3 Nd7 15. Bf4 Bg4 16. Qd3 Bh5 17. Re2 Bg6 18. Qd2 Bh5 19. Rae1 Bxf3 20. Rxe7 Be4 21. Bd6 Nf6 22. Qf4 Nh5 23. Qe5 f6 24. Qe6+ Kh8 25. Bd1 g6 26. Rxb7 Bf5 27. Qe7 Qxe7 28. Rexe7 g5 29. Bxh5 Rad8 30. Bc5 Rg8 31. g4 Bd7 32. Rbxd7 Rxd7 33. Rxd7 1-0

[Event "Harvest"]
[Site "Kelowna CAN"]
[Date "2001.10.20"]
[Round "2"]
[White "Neufeld, John"]
[Black "Demers, Matthew"]
[Result "0-1"]
[WhiteElo "1905"]
[BlackElo "1619"]
[PlyCount "76"]
[GameId "2160767911485019"]
[EventDate "2001.10.20"]
[EventType "swiss"]
[EventRounds "5"]
[EventCountry "CAN"]
[SourceTitle "EXT 2022"]
[Source "ChessBase"]
[SourceDate "2021.10.06"]
[SourceVersion "1"]
[SourceVersionDate "2021.10.06"]
[SourceQuality "1"]

1. d4 Nf6 2. Bf4 g6 3. e3 c5 4. c3 Bg7 5. d5 d6 6. Bc4 O-O 7. Qb3 Nbd7 8. Be2 Re8 9. c4 Qc7 10. Nc3 e6 11. Nb5 Qa5+ 12. Kf1 e5 13. Bg5 Ne4 14. Nf3 Nxg5 15. Nxg5 Bf8 16. Ne4 Qb6 17. a4 a6 18. Rc1 axb5 19. cxb5 f5 20. Ng5 Nf6 21. f3 Bd7 22. Qc4 h6 23. h4 hxg5 24. hxg5 Nh5 25. Qh4 f4 26. Kg1 Rxa4 27. Rc4 Rxc4 28. Bxc4 Bxb5 29. g4 fxg3 30. Qe4 Kg7 31. b3 Bxc4 32. Qxc4 Ra8 33. Kg2 Be7 34. f4 Ra2+ 35. Kf3 Rf2+ 36. Ke4 exf4 37. Qc3+ Kh7 38. exf4 Rxf4+ 0-1

[Event "Harvest"]
[Site "Kelowna CAN"]
[Date "2001.10.20"]
[Round "2"]
[White "Steinke, Wally"]
[Black "Planas, Rodolfo"]
[Result "1-0"]
[WhiteElo "1669"]
[BlackElo "1545"]
[PlyCount "63"]
[GameId "2160767911485020"]
[EventDate "2001.10.20"]
[EventType "swiss"]
[EventRounds "5"]
[EventCountry "CAN"]
[SourceTitle "EXT 2022"]
[Source "ChessBase"]
[SourceDate "2021.10.06"]
[SourceVersion "1"]
[SourceVersionDate "2021.10.06"]
[SourceQuality "1"]

1. d4 g6 2. e4 c6 3. c4 d5 4. cxd5 cxd5 5. e5 Nc6 6. Nc3 h5 7. Nf3 Bg4 8. Bb5 e6 9. h3 Bxf3 10. Qxf3 h4 11. Bd2 Nh6 12. Ne2 Nf5 13. O-O Be7 14. Rac1 Rc8 15. Rc2 Qb6 16. Bxc6+ Rxc6 17. Rxc6 bxc6 18. Rc1 Nxd4 19. Nxd4 Qxd4 20. Rxc6 Rf8 21. Qb3 Qxe5 22. Rc8+ Bd8 23. Qb5+ Ke7 24. Bb4+ Kf6 25. Bxf8 Bb6 26. Rc2 Qb8 27. Qb4 Kf5 28. Qg4+ Ke5 29. Re2+ Kf6 30. Qxh4+ Kf5 31. Be7 Bd4 32. Qg4# 1-0

[Event "Harvest"]
[Site "Kelowna CAN"]
[Date "2001.10.20"]
[Round "2"]
[White "Whitman, Alan"]
[Black "Moore, David"]
[Result "0-1"]
[WhiteElo "1714"]
[BlackElo "1909"]
[PlyCount "70"]
[GameId "2160767911485021"]
[EventDate "2001.10.20"]
[EventType "swiss"]
[EventRounds "5"]
[EventCountry "CAN"]
[SourceTitle "EXT 2022"]
[Source "ChessBase"]
[SourceDate "2021.10.06"]
[SourceVersion "1"]
[SourceVersionDate "2021.10.06"]
[SourceQuality "1"]

1. e4 c5 2. c3 Nc6 3. d4 cxd4 4. cxd4 d6 5. Nc3 g6 6. Nf3 Bg7 7. Bb5 a6 8. Ba4 b5 9. Bb3 Bg4 10. Bxf7+ Kxf7 11. Ng5+ Ke8 12. Qxg4 Nxd4 13. O-O Nf6 14. Qf4 e5 15. Qe3 h6 16. Nf3 Nc2 17. Qd3 Nxa1 18. Be3 b4 19. Nd5 Nxd5 20. exd5 Kf7 21. Rxa1 Re8 22. Qe4 a5 23. Rc1 Qf6 24. Rc7+ Re7 25. Rxe7+ Qxe7 26. Nh4 Qf6 27. Bb6 Rc8 28. g3 Ra8 29. Nf3 Qf5 30. Nd2 Qxe4 31. Nxe4 Bf8 32. Bc7 Ra6 33. Kf1 Be7 34. Ke2 Ke8 35. Kd2 Kd7 0-1